书目信息 |
| 题名: |
汽车检测与故障诊断
|
|
| 作者: | 赵英勋 主编 | |
| 分册: | ||
| 出版信息: | 北京 机械工业出版社 2020.8 |
|
| 页数: | 309页 | |
| 开本: | 26cm | |
| 丛书名: | ||
| 单 册: | ||
| 中图分类: | U472.9 | |
| 科图分类: | ||
| 主题词: | 汽车--故障检测--高等学校--教材 , 汽车--故障诊断--高等学校--教材 , 汽车 , 故障检测 , 故障诊断 | |
| 电子资源: | ||
| ISBN: | 978-7-111-42446-8 | |
| 000 | 01028nam0 2200289 45 | |
| 001 | 012001000310 | |
| 005 | 20140911112718.0 | |
| 010 | @a978-7-111-42446-8@dCNY42.00 | |
| 100 | @a20130808d2013 em y0chiy50 ea | |
| 101 | 0 | @achi |
| 102 | @aCN@b110000 | |
| 105 | @aa z 000yy | |
| 106 | @ar | |
| 200 | 1 | @a汽车检测与故障诊断@Aqi che jian ce yu gu zhang zhen duan@b专著@f赵英勋主编 |
| 210 | @a北京@c机械工业出版社@d2020.8 | |
| 215 | @a309页@c图@d26cm | |
| 300 | @a应用型本科汽车类专业“十二五”规划教材 | |
| 330 | @a本书系统地介绍汽车检测与故障诊断的基础理论、检测方法、诊断原理。内容包括:汽车检测与故障诊断基础、汽车整车技术状况检测、发动机的检测与故障诊断、底盘的检测与故障诊断、车身及附件的检测与故障诊断。 | |
| 606 | 0 | @a汽车@x故障检测@x高等学校@j教材 |
| 606 | 0 | @a汽车@x故障诊断@x高等学校@j教材 |
| 606 | 0 | @a汽车 |
| 606 | 0 | @a故障检测 |
| 606 | 0 | @a故障诊断 |
| 690 | @aU472.9@v5 | |
| 701 | 0 | @a赵英勋@Azhao ying xun@c(教师)@4主编 |
| 801 | 0 | @aCN@bBJSDL@c20211011 |
| 905 | @b1331211-3@dU472.9@e1011@f3 | |
| 汽车检测与故障诊断/赵英勋主编.-北京:机械工业出版社,2020.8 |
| 309页:图;26cm |
| 应用型本科汽车类专业“十二五”规划教材 |
| ISBN 978-7-111-42446-8:CNY42.00 |
| 本书系统地介绍汽车检测与故障诊断的基础理论、检测方法、诊断原理。内容包括:汽车检测与故障诊断基础、汽车整车技术状况检测、发动机的检测与故障诊断、底盘的检测与故障诊断、车身及附件的检测与故障诊断。 |
| ● |
| 相关链接 |
|
|
|
|
正题名:汽车检测与故障诊断
索取号:U472.9/1011
 
预约/预借
| 序号 | 登录号 | 条形码 | 馆藏地/架位号 | 状态 | 备注 |
| 1 | 1331211 | 213312119 | 第二样本阅览室/ [索取号:U472.9/1011] | 在馆 | |
| 2 | 1331212 | 213312128 | 第三借阅区/ [索取号:U472.9/1011] | 在馆 | |
| 3 | 1331213 | 213312137 | 第三借阅区/ [索取号:U472.9/1011] | 在馆 |